[Event "TCh-BEL 2011-12"]
[Site "Belgium BEL"]
[Date "2012.03.18"]
[Round "10.5"]
[White "Mladenov,Sv"]
[Black "Georgiev,Vl"]
[Result "0-1"]
[WhiteElo "2450"]
[BlackElo "2574"]

1.e4 e5 2.Nf3 Nc6 3.Bb5 a6 4.Ba4 Nf6 5.O-O b5 6.Bb3 Bb7 7.Re1 Bc5 8.c3 O-O
9.d4 Bb6 10.Be3 d6 11.Nbd2 h6 12.h3 exd4 13.cxd4 Nb4 14.Qb1 c5 15.a3 Nc6
16.e5 dxe5 17.dxc5 Ba5 18.Bxh6 gxh6 19.Qg6+ Kh8 20.Qxh6+ Nh7 21.Ne4 Nd4 22.Nxd4 exd4
23.c6 Bc8 24.Red1 Bc7 25.h4 f6 26.Qg6 Ra7 27.Ng3 Be5 28.Nf5 d3 29.Rd2 Bf4
30.Ne3 f5 31.Rad1 Bxe3 32.fxe3 Rg7 33.Qh5 f4 34.Rxd3 Qf6 35.Rf1 Qxb2 36.Bd5 Bg4  0-1

[Event "13th EICC"]
[Site "Plovdiv BUL"]
[Date "2012.03.22"]
[Round "3.77"]
[White "Pavlidis,Ant"]
[Black "Saric,Iv"]
[Result "1/2-1/2"]
[WhiteElo "2431"]
[BlackElo "2649"]

1.e4 e5 2.Nf3 Nc6 3.Bb5 a6 4.Ba4 Nf6 5.O-O b5 6.Bb3 Bb7 7.d3 Bd6 8.a4 O-O
9.axb5 axb5 10.Rxa8 Bxa8 11.Bg5 h6 12.Bh4 Be7 13.Nc3 b4 14.Bxf6 Bxf6 15.Nd5 Na5
16.c3 Bxd5 17.Bxd5 c6 18.cxb4 cxd5 19.bxa5 Qxa5 20.Qb3 dxe4 21.dxe4 Qa8 22.Qd3 Rb8
23.b3 Qb7 24.Nd2 Rd8 25.Qd6 Bg5 26.Nf3 Qxe4 27.Nxg5 hxg5 28.Qe7 Rb8 29.Qxd7 g4
30.Qa4 Qe2 31.Qa1 f6 32.Qc3 Rd8 33.h3 gxh3 34.Qxh3 Rd4 35.Rc1 Rf4 36.Qg3 Rg4
37.Qh3 Rf4 38.Qg3 Kh7 39.Qh3+ Kg6 40.Qg3+ Kh7 41.Qh3+ Kg6 42.Qg3+ Rg4 43.Qc3 Qb5
44.Qf3 Qd7 45.Qh3 Qd4 46.Qc3 Qd5 47.Qh3 Rg5 48.b4 e4 49.Qe3 Rg4 50.g3 Qd3
51.Qxd3 exd3 52.Rd1 Rxb4  1/2-1/2

[Event "13th EICC"]
[Site "Plovdiv BUL"]
[Date "2012.03.27"]
[Round "7.87"]
[White "Klein,Da"]
[Black "Sulskis,S"]
[Result "1-0"]
[WhiteElo "2418"]
[BlackElo "2596"]

1.e4 e5 2.Nf3 Nc6 3.Bb5 a6 4.Ba4 Nf6 5.O-O b5 6.Bb3 Bb7 7.d3 Be7 8.Re1 O-O
9.Nc3 d6 10.a3 Qd7 11.Nd5 Nxd5 12.Bxd5 Bf6 13.c3 Nd8 14.Bxb7 Nxb7 15.d4 exd4
16.cxd4 c5 17.Rb1 Rfe8 18.h3 cxd4 19.b4 d5 20.e5 Qf5 21.Qb3 Bd8 22.Nxd4 Qg6
23.Bb2 Bb6 24.Rbd1 Rad8 25.Kh1 Rd7 26.f4 Bxd4 27.Bxd4 Nd8 28.Qf3 Ne6 29.f5 Nxd4
30.Rxd4 Qg5 31.e6 Qd8 32.Re5 fxe6 33.fxe6 Rf8 34.Qe2 Re7 35.Rdxd5 Qc7 36.Rd1 g6
37.Re1 Qc3 38.Re3 Qc4 39.Qd1 h5 40.Qd6 Rf1+ 41.Kh2 Qf4+ 42.Qxf4 Rxf4 43.Rd1 a5
44.bxa5 Ra4 45.Rd8+ Kg7 46.Ra8 h4 47.Kg1 Rf4 48.Rb8 Rc7 49.Re1 Re7 50.Rxb5 Ra4
51.Rb4 Rxa5 52.a4 g5 53.Rb5 Rxa4 54.Rxg5+ Kf6 55.Rge5 Ra2 56.R5e4 Rg7 57.Rf1+  1-0

[Event "17th Metropolitan IM"]
[Site "Los Angeles USA"]
[Date "2012.04.01"]
[Round "9"]
[White "Akopian,R"]
[Black "Amanov,Z"]
[Result "0-1"]
[WhiteElo "2077"]
[BlackElo "2404"]

1.e4 e5 2.Nf3 Nc6 3.Bb5 a6 4.Ba4 Nf6 5.O-O b5 6.Bb3 Bb7 7.c3 Nxe4 8.Qe2 Nc5
9.Bd5 Be7 10.b4 Ne6 11.Nxe5 Ncd4 12.cxd4 Bxd5 13.Nc3 Bxg2 14.Re1 O-O 15.d5 Nd4
16.Qd3 f6 17.Kxg2 fxe5 18.Rxe5 Nf3 19.Re3 Nh4+ 20.Kg1 Bxb4 21.Ne4 Bc5 22.Rg3 Bxf2+
23.Nxf2 Qf6 24.Bb2 Qxb2 25.Qc3 Qxc3 26.Rxc3 Rae8 27.Rxc7 Re2 28.Rf1 Nf3+  0-1

[Event "European Senior Teams 2012"]
[Site "Rogaska Slatina SLO"]
[Date "2012.04.04"]
[Round "9.5"]
[White "Klundt,K"]
[Black "Rosenlund,T"]
[Result "1/2-1/2"]
[WhiteElo "2378"]
[BlackElo "2286"]

1.e4 e5 2.Nf3 Nc6 3.Bb5 a6 4.Ba4 Nf6 5.O-O b5 6.Bb3 Bb7 7.d3 Bc5 8.Nc3 d6
9.a4 b4 10.Nd5 Na5 11.Ba2 Nxd5 12.Bxd5 Bxd5 13.exd5 O-O 14.b3 c6 15.d4 exd4
16.Bb2 Qf6 17.Bxd4 Bxd4 18.Qxd4 Qxd4 19.Nxd4 cxd5 20.Rad1 Rac8 21.Rfe1 h6
22.g3 Rc3 23.Re2 Rfc8 24.Re7 Nc6 25.Rd7 a5 26.Rxd6 Nxd4 27.Rxd4 Rxc2 28.R4xd5 R8c3
29.Rf5 Rc5  1/2-1/2

[Event "VIII Lubuska Wiosna Open"]
[Site "Gorzow Wielkopolski POL"]
[Date "2012.04.05"]
[Round "4"]
[White "Witczak,Jakub"]
[Black "Gigola,J"]
[Result "0-1"]
[WhiteElo "1626"]
[BlackElo "1917"]

1.e4 e5 2.Nf3 Nc6 3.Bb5 a6 4.Ba4 Nf6 5.O-O b5 6.Bb3 Bb7 7.Re1 Bc5 8.c3 Bb6
9.d4 d6 10.a4 h6 11.Na3 O-O 12.d5 Ne7 13.c4 b4 14.Nc2 a5 15.Be3 Bxe3 16.Rxe3 Ng6
17.Nfe1 Nd7 18.Nd3 Kh7 19.Nce1 Qe7 20.Qd2 Rad8 21.Bd1 Kg8 22.Bg4 c5 23.Rg3 Rfe8
24.Bf5 Ndf8 25.Nc2 Kh8 26.Re1 Bc8 27.Ne3 Bxf5 28.Nxf5 Qf6 29.Ree3 Rd7 30.Ref3 Nh4
31.Nxh4 Qxh4 32.Qe2 Ng6 33.h3 Kh7 34.Rg4 Qd8 35.Rfg3 Rg8 36.Qf3 Rb7 37.b3 Nh4
38.Qe2 f5 39.exf5 Nxf5 40.Qe4 g6 41.Rf3 Nd4 42.Rfg3 Nf5 43.Rf3 Rbg7 44.Ne1 Qf6
45.Qd3 Qe7 46.Re4 Rf7 47.Nc2 Rgf8 48.Ne3 Nd4 49.Rxf7+ Qxf7 50.Nd1 Qf5 51.f3 Qg5
52.Rg4 Qf5 53.Re4 h5 54.Kf2 Kg7 55.Ne3 Qf6 56.Nc2 Nf5 57.Ne3 Qg5 58.Nf1 Nh4
59.Ne3 Nf5 60.Nxf5+ gxf5 61.Re1 f4 62.Kf1 Rf6 63.Re2 Qg3 64.Rf2 Qh2 65.Ke1 Qg3
66.Qe2 Qg6 67.Qe4 Qg5 68.Qe2 Rg6 69.Kd1 Qf5 70.Qc2 Qf6 71.Qe2 Rg5 72.Qc2 Rg3
73.Kc1 Rg5 74.Qe4 Rg6 75.Qe2 Qf5 76.Qc2 Qg5 77.Qe2 Rf6 78.Kd1 Qg6 79.Qc2 Qg3  0-1

[Event "Karposh Open 2012"]
[Site "Skopje MKD"]
[Date "2012.04.11"]
[Round "6.15"]
[White "Pacher,M"]
[Black "Georgiev,Vl"]
[Result "0-1"]
[WhiteElo "2402"]
[BlackElo "2531"]

1.e4 e5 2.Nf3 Nc6 3.Bb5 a6 4.Ba4 Nf6 5.O-O b5 6.Bb3 Bb7 7.d3 Be7 8.Nc3 O-O
9.a4 b4 10.Nd5 Na5 11.Nxe7+ Qxe7 12.Ba2 d5 13.exd5 b3 14.Bxb3 Nxb3 15.cxb3 Nxd5
16.Re1 f6 17.Be3 Rfd8 18.Rc1 Qf7 19.Rc4 Rd7 20.Nd2 Rad8 21.Ne4 Nb6 22.Rxc7 Rxc7
23.Bxb6 Bxe4 24.Bxc7 Rxd3 25.Qc1 Qg6 26.g3 Bd5 27.Bxe5 Qg4 28.Bf4 h5 29.Qc2 Qf5
30.f3 Bxf3 31.Kf2 Be4 32.Qc4+ Bd5 33.Qc7 Rxb3 34.Re2 h4  0-1

[Event "18th Metropolitan IM"]
[Site "Los Angeles USA"]
[Date "2012.04.14"]
[Round "6"]
[White "Purcell,B"]
[Black "Kavutskiy,K"]
[Result "1/2-1/2"]
[WhiteElo "2015"]
[BlackElo "2302"]

1.e4 e5 2.Nf3 Nc6 3.Bb5 a6 4.Ba4 Nf6 5.O-O b5 6.Bb3 Bb7 7.Re1 Bc5 8.c3 O-O
9.d4 Bb6 10.Bg5 h6 11.Bh4 d6 12.a4 g5 13.Bg3 Re8 14.axb5 axb5 15.Rxa8 Bxa8
16.Na3 Na5 17.Bc2 exd4 18.Nxb5 dxc3 19.Nxc3 Nh5 20.Nd4 Nxg3 21.hxg3 Qf6 22.Nf5 Re5
23.Qh5 Kh7 24.Ra1 Bb7 25.Nd5 Qg6 26.Qd1 Bxd5 27.exd5 Rxf5 28.g4 Qf6 29.Bxf5+ Kg7
30.Qc2 Nb7 31.Rd1 Qe5 32.Qc3 Kf6 33.Re1 Qxc3 34.bxc3 Ba5 35.Re3 Nc5 36.Kf1 Na4
37.c4 Nb6 38.Bd3 Nd7 39.Rf3+ Kg7 40.Be2 Ne5 41.Rb3 Bb6 42.g3 Ng6 43.Kg2 Kf6
44.Bd3 Ne5 45.f3 Bc5 46.Be2 Ng6 47.Kh3 Ke5 48.Rd3 Bb6 49.Rd1 Be3 50.Bd3 Nf8
51.Bf5 Bb6 52.Re1+ Kd4 53.Re4+ Kc3 54.Re8 Ng6 55.Bxg6 fxg6 56.Re4 Kd3 57.Re6 Kxc4
58.Rxg6 Kxd5 59.Rxh6 c5 60.f4 c4 61.Kg2 c3 62.Kf3 c2 63.Rh1 Kc4 64.Rc1 Kd3
65.Rxc2 Kxc2 66.Ke4 Kc3 67.Kd5 Bf2 68.fxg5 Bxg3 69.g6 Be5 70.g7 Bxg7 71.Kxd6  1/2-1/2

[Event "18th Metropolitan IM"]
[Site "Los Angeles USA"]
[Date "2012.04.14"]
[Round "7"]
[White "Liou,Y"]
[Black "Amanov,Z"]
[Result "1-0"]
[WhiteElo "2293"]
[BlackElo "2404"]

1.e4 e5 2.Nf3 Nc6 3.Bb5 a6 4.Ba4 Nf6 5.O-O b5 6.Bb3 Bb7 7.Re1 Bc5 8.c3 O-O
9.d4 Bb6 10.h3 d6 11.a4 h6 12.Na3 exd4 13.cxd4 Na5 14.Bc2 b4 15.Nb1 c5 16.b3 cxd4
17.Bb2 Re8 18.Nbd2 d5 19.e5 Ne4 20.Bxd4 Bxd4 21.Nxd4 Rxe5 22.N2f3 Re8 23.Nf5 Qf6
24.Ne3 Rad8 25.Qd4 Qxd4 26.Nxd4 g6 27.Rac1 Rc8 28.Bxe4 dxe4 29.Ndc2 Nxb3
30.Rb1 Nc5 31.Rxb4 Bc6 32.Ra1 Red8 33.Rc4 Bd7 34.Rd1 Kf8 35.Rd5 Bxa4 36.Rxd8+ Rxd8
37.Rxc5 Bxc2 38.Rxc2 Rd6 39.g4 Rd4 40.Ra2 Rd6 41.Ra4 Re6 42.Nd5 Kg7 43.Nc7 Re5
44.Rxa6 e3 45.fxe3 Rxe3 46.Kg2 Re5 47.Ra8 h5 48.gxh5 Rg5+ 49.Kh2 gxh5 50.Ne8+ Kf8
51.Nf6+ Kg7 52.Ne4 Re5 53.Nf2 Re3 54.Rd8 Kg6 55.Rg8+ Kh7 56.Rg3 Re2 57.Kg2 Kh6
58.h4 Ra2 59.Rg5 f6 60.Rg3 Ra4 61.Kh3 Rf4 62.Nd3 Rd4 63.Rf3 Rd6 64.Nf4 Rd1
65.Kg2 Ra1 66.Nd5  1-0

[Event "18th Metropolitan IM"]
[Site "Los Angeles USA"]
[Date "2012.04.15"]
[Round "8"]
[White "Visweswaran,K"]
[Black "Kavutskiy,K"]
[Result "0-1"]
[WhiteElo "2281"]
[BlackElo "2302"]

1.e4 e5 2.Nf3 Nc6 3.Bb5 a6 4.Ba4 Nf6 5.O-O b5 6.Bb3 Bb7 7.d3 Bd6 8.a4 h6
9.Nc3 b4 10.Ne2 Na5 11.Ba2 O-O 12.Ng3 Re8 13.Re1 Bf8 14.h3 c5 15.Nd2 d5 16.exd5 Bxd5
17.Bxd5 Qxd5 18.b3 g6 19.Bb2 Bg7 20.Ngf1 Rad8 21.Ne3 Qc6 22.f3 Qc7 23.Qe2 Nc6
24.Qf2 Nd4 25.Ndc4 h5 26.Nf1 Nd5 27.Ng3 f5 28.Nf1 Bh6 29.Qg3 Nf4 30.Kh1 Kh7
31.Qf2 Re6 32.Rad1 Rde8 33.Bc1 Qe7 34.Kh2 g5 35.Nfe3 Qf7 36.Bb2 g4 37.fxg4 hxg4
38.Qh4 gxh3 39.Rf1 hxg2 40.Nxg2 Nxg2 41.Kxg2 Qb7+ 42.Kh3 Rg8 43.Rf2 Rg4 44.Qh5 Reg6  0-1

[Event "TCh-CZE Extraliga 2011-12"]
[Site "Czech Republic CZE"]
[Date "2012.04.20"]
[Round "9.1"]
[White "Najer,E"]
[Black "Zvara,P"]
[Result "1-0"]
[WhiteElo "2637"]
[BlackElo "2388"]

1.e4 e5 2.Nf3 Nc6 3.Bb5 a6 4.Ba4 Nf6 5.O-O b5 6.Bb3 Bb7 7.d3 Bc5 8.Be3 Bxe3
9.fxe3 d6 10.a3 O-O 11.Nbd2 Ne7 12.Nh4 d5 13.Rxf6 gxf6 14.exd5 Bxd5 15.Bxd5 Nxd5
16.Qf3 Rb8 17.Ne4 Rb6 18.Nf5 Kh8 19.Rf1 Rc6 20.Rf2 Qd7 21.Qh5 Rg8 22.c3 Qe6
23.Qf3 Rg6 24.h4 Rg8 25.h5 Qd7 26.Nh6 Rg7 27.Nf5 Rg8 28.Nh6 Rg7 29.Kh2 Qe6
30.Nf5 Rg8 31.Nh6 Rg7 32.b3 f5 33.Nxf5 Rg8 34.c4 bxc4 35.bxc4 Nf6 36.Nh6 Ng4+
37.Nxg4 Qxg4 38.Qxg4 Rxg4 39.Rf5 Rxe4 40.dxe4 f6 41.Kg3 Kg7 42.Rf1 Rxc4 43.Kf3 Rc3
44.a4 Rc4 45.Rd1 Kh6 46.g4 Rxa4 47.Rc1 Rb4 48.Rxc7 Rb6 49.Ra7 Rc6 50.Kg3 Rb6
51.Kh4 Rc6 52.Ra8 Rb6 53.Ra7 Rc6 54.Kg3 Rb6 55.Re7 Rc6 56.Kh4 Rc4 57.Rf7 Rc6
58.Ra7 Rb6 59.g5+ fxg5+ 60.Kg4 Re6 61.Rb7 Re8 62.Rb6+ Kg7 63.h6+ Kf7 64.Rxa6 Rg8
65.Kf5 Ke7 66.Ra7+ Kd6 67.Rxh7 g4 68.Rg7 Rh8 69.Kg5 Kc5 70.h7 Kc4 71.Kxg4  1-0

[Event "Belgrade Cup Final 2012"]
[Site "Belgrade SRB"]
[Date "2012.04.22"]
[Round "5.4"]
[White "Jocev,M"]
[Black "Petrovic,Igor R"]
[Result "1-0"]
[WhiteElo "2087"]
[BlackElo "2093"]

1.e4 e5 2.Nf3 Nc6 3.Bb5 a6 4.Ba4 Nf6 5.O-O b5 6.Bb3 Bb7 7.Re1 Bc5 8.c3 d6
9.d4 Bb6 10.Bg5 h6 11.Bh4 g5 12.Bg3 O-O 13.Bc2 Qe7 14.d5 Nb8 15.Kh1 Nbd7
16.Nbd2 Nh5 17.Nf1 Ng7 18.h4 f6 19.Qd2 Kf7 20.N1h2 Rh8 21.a4 bxa4 22.Bxa4 a5
23.Bc2 Nf8 24.b4 Ng6 25.Qe2 Ba6 26.Bd3 Bxd3 27.Qxd3 Nh5 28.bxa5 Bxa5 29.Ng4 Nhf4
30.Bxf4 Nxf4 31.Qd2 Qd7 32.Ne3 Qb5 33.g3 Nd3 34.Reb1 Qa6 35.Rxa5 Qxa5 36.Qxd3 Rab8
37.Rxb8 Rxb8 38.Kg2 Rb3 39.Nf5 Rxc3 40.Qe2 Kg6 41.hxg5 hxg5 42.N3h4+ gxh4
43.Qg4+  1-0

[Event "Norsk Sjakkfestival"]
[Site "Fagernes NOR"]
[Date "2012.05.01"]
[Round "5"]
[White "Stets,D"]
[Black "Johannessen,LE"]
[Result "1/2-1/2"]
[WhiteElo "2468"]
[BlackElo "2503"]

1.e4 e5 2.Nf3 Nc6 3.Bb5 a6 4.Ba4 Nf6 5.O-O b5 6.Bb3 Bb7 7.d3 Bd6 8.a3 O-O
9.Nc3 h6 10.Ne2 Re8 11.Ng3 Bf8 12.c3 d5 13.Qc2 Na5 14.Ba2 c5 15.b4 dxe4 16.Nxe4 Nxe4
17.dxe4 Nc4 18.Bxc4 bxc4 19.Be3 cxb4 20.axb4 a5 21.bxa5 Rxa5 22.Nd2 Rxa1
23.Rxa1 Qc7 24.Ra7 Ra8 25.Rxa8 Bxa8 26.Qa4 Qc6 27.Qxc6 Bxc6 28.Nxc4 Bxe4
29.Nxe5 f6 30.f3 Bd5 31.Nd7 Bd6 32.Nb6 Bb7 33.Nc4 Bc7 34.Kf2 Kf7 35.Bb6 Bd5
36.Bxc7 Bxc4 37.Ke3 Ke6 38.Kd4 Bd5 39.h4 h5 40.c4  1/2-1/2

[Event "Asian Continental 2012"]
[Site "Ho Chi Minh City VIE"]
[Date "2012.05.07"]
[Round "3.11"]
[White "Gao Rui"]
[Black "Salem,AR"]
[Result "1/2-1/2"]
[WhiteElo "2427"]
[BlackElo "2528"]

1.e4 e5 2.Nf3 Nc6 3.Bb5 a6 4.Ba4 Nf6 5.O-O b5 6.Bb3 Bb7 7.d3 Be7 8.Nc3 O-O
9.Bd2 d6 10.a4 Nd4 11.Nxd4 exd4 12.Ne2 c5 13.Ng3 d5 14.e5 Nd7 15.Re1 c4 16.Ba2 Nc5
17.Nf5 Bc8 18.Nxd4 Nxa4 19.Nc6 Qc7 20.Nxe7+ Qxe7 21.b3 Nb6 22.Ba5 Qc5 23.dxc4 bxc4
24.Bxb6 Qxb6 25.Qxd5 c3 26.b4 Rb8 27.Qd3 Qc7 28.Re3 Rxb4 29.Qxc3 Qb6 30.Bb3 Bb7
31.Rg3 Rc8 32.Qd2 Rd4 33.Qg5 g6 34.Qh6 Rcd8 35.Qc1 Rd2 36.Qe1 Qd4 37.c3 Qf4
38.e6 fxe6 39.Qxe6+ Kh8 40.Rf1 Rf8 41.Qe3 a5 42.c4 Qxe3 43.Rxe3 Bc6  1/2-1/2

[Event "42nd Bosna Open B"]
[Site "Sarajevo BIH"]
[Date "2012.05.09"]
[Round "7.22"]
[White "Cabric,Izet"]
[Black "Vujicic,Dragisa"]
[Result "1/2-1/2"]
[WhiteElo "1968"]
[BlackElo "1845"]

1.e4 e5 2.Nf3 Nc6 3.Bb5 a6 4.Ba4 Nf6 5.O-O b5 6.Bb3 Bb7 7.d3 Bd6 8.c3 h6
9.Re1 O-O 10.Nbd2 Na5 11.Bc2 c5 12.Nf1 Nc6 13.Ng3 Ne7 14.d4 cxd4 15.cxd4 Bb4
16.dxe5 Ng4 17.Re2 Nc6 18.Bd2 Bxd2 19.Rxd2 Ngxe5 20.Bb3 Qf6 21.Nf5 Nxf3+
22.Qxf3 Ne5 23.Qe2 Rad8 24.Rad1 Qg5 25.g3 Qg4 26.Qxg4 Nxg4 27.f3 Ne5 28.Kf2 g6
29.Nxh6+ Kg7 30.Ng4 Nxg4+ 31.fxg4 Bc6 32.Bd5 Rde8 33.Kf3 Re5 34.b4 Rfe8 35.Re2 Bxd5
36.Rxd5 Rxd5 37.exd5 Rxe2 38.Kxe2 Kf6 39.h4 d6 40.Kf3 Kg7 41.Kf4 Kf6 42.Ke4 Kg7
43.g5 Kh7 44.g4 Kg7 45.h5 Kh7  1/2-1/2

[Event "6th ENCI Limburg Open 2012"]
[Site "Limburg NED"]
[Date "2012.05.27"]
[Round "4.1"]
[White "Solodovnichenko,Y"]
[Black "Henrichs,T"]
[Result "1/2-1/2"]
[WhiteElo "2570"]
[BlackElo "2483"]

1.e4 e5 2.Nf3 Nc6 3.Bb5 a6 4.Ba4 Nf6 5.O-O b5 6.Bb3 Bb7 7.d3 Bd6 8.a4 O-O
9.Nc3 b4 10.Ne2 h6 11.a5 Re8 12.Ng3 Bf8 13.Re1 Rb8 14.Bd2 d6 15.c3 d5 16.Qc2 Qd7
17.Ba4 bxc3 18.bxc3 dxe4 19.dxe4 Bc5 20.h3 Ba8 21.Be3 Bxe3 22.Rxe3 Qe6 23.Nd2 Red8
24.Nb3 g6 25.Nf1 Na7 26.Nfd2 Bc6 27.Nc5 Qd6 28.Ndb3 Bxa4 29.Rxa4 Nb5 30.Ra1 Qc6
31.Rd3 Rd6 32.f3 Nh5 33.Kh2 Nf4 34.Rd2 Rbd8 35.Rad1 Na3 36.Qa2 Nc4 37.Rxd6 Rxd6
38.Rxd6 cxd6 39.Qa4 Qxa4 40.Nxa4 Ne3 41.Nb6 Ne2 42.c4 Nf1+ 43.Kh1 Nfg3+ 44.Kh2  1/2-1/2

[Event "Mitropa Cup 2012"]
[Site "Sibenik CRO"]
[Date "2012.06.01"]
[Round "2"]
[White "Bosiocic,Mari"]
[Black "Lenic,L"]
[Result "1/2-1/2"]
[WhiteElo "2555"]
[BlackElo "2632"]

1.e4 e5 2.Nf3 Nc6 3.Bb5 a6 4.Ba4 Nf6 5.O-O b5 6.Bb3 Bb7 7.d3 Be7 8.a4 O-O
9.Re1 Re8 10.Nbd2 Bf8 11.Nf1 h6 12.Ne3 d6 13.Bd2 Qd7 14.c4 Ne7 15.Qc2 c6
16.Nh4 d5 17.c5 Kh8 18.Rac1 Rac8 19.Nef5 Nxf5 20.Nxf5 g6 21.Ng3 Qc7 22.Ba2 Rcd8
23.axb5 axb5 24.Ra1 Kh7 25.Rec1 dxe4 26.dxe4 Bxc5 27.Bxh6 Bb6 28.Be3 Bxe3
29.fxe3 c5 30.Rf1 Rd6 31.Rf3 Kg7 32.Raf1 c4 33.b3 c3 34.b4 Bc8 35.Bd5 Re7
36.h3 Nxd5 37.exd5 Rxd5 38.e4 Rd2 39.Qxc3 Qxc3 40.Rxc3 Be6 41.Nf5+ gxf5 42.exf5 Bd5
43.f6+ Kh6 44.fxe7 Rxg2+ 45.Kh1 Rf2+ 46.Kg1 Rg2+ 47.Kh1  1/2-1/2

[Event "Mitropa Cup w 2012"]
[Site "Sibenik CRO"]
[Date "2012.06.04"]
[Round "4"]
[White "Bochis,J"]
[Black "Krivec,J"]
[Result "1/2-1/2"]
[WhiteElo "2145"]
[BlackElo "2251"]

1.e4 e5 2.Nf3 Nc6 3.Bb5 a6 4.Ba4 Nf6 5.O-O b5 6.Bb3 Bb7 7.c3 Nxe4 8.d4 exd4
9.Re1 d5 10.Nbd2 Be7 11.cxd4 f5 12.a4 Na5 13.axb5 axb5 14.Ne5 O-O 15.Nxe4 fxe4
16.Rxe4 Nxb3 17.Rxa8 Bxa8 18.Qxb3 c5 19.Re1 Qa5 20.Qc3 Qxc3 21.bxc3 cxd4
22.Nd7 Re8 23.cxd4 Bc6 24.Ne5 Bd6 25.Bd2 Rc8 26.Rc1 Bb7 27.Rxc8+ Bxc8 28.Nd3 Kf7
29.Kf1 Kf6 30.Ke2 Kf5 31.Kf3 g5 32.h3 h5 33.Bb4 Bc7 34.Be7 Kg6 35.Ke3 Bf5
36.Ne5+ Bxe5  1/2-1/2

[Event "Mitropa Cup w 2012"]
[Site "Sibenik CRO"]
[Date "2012.06.06"]
[Round "6"]
[White "Schnegg,A"]
[Black "Krivec,J"]
[Result "1-0"]
[WhiteElo "2084"]
[BlackElo "2251"]

1.e4 e5 2.Nf3 Nc6 3.Bb5 a6 4.Ba4 Nf6 5.O-O b5 6.Bb3 Bb7 7.c3 Nxe4 8.d4 exd4
9.Re1 d5 10.Ng5 Qf6 11.Nd2 Qxf2+ 12.Kh1 O-O-O 13.Ndxe4 dxe4 14.Nxf7 e3 15.Qg4+ Kb8
16.Qg3 Qf6 17.cxd4 Bb4 18.Bxe3 Bxe1 19.Rxe1 Rc8 20.Nxh8 Rxh8 21.d5 Na5 22.d6 cxd6
23.Bg5 Qxb2 24.Qxd6+ Ka8 25.Bd5 Qf2 26.Qxa6+ Kb8 27.Qxa5 Bxd5 28.Qxb5+ Bb7
29.Re8+ Rxe8 30.Qxe8+ Bc8 31.Qe5+ Ka8 32.Qe4+  1-0

[Event "1st Grand Europe Open"]
[Site "Golden Sands BUL"]
[Date "2012.06.08"]
[Round "5.33"]
[White "Mekhitarian,K"]
[Black "Shalamberidze,A"]
[Result "1/2-1/2"]
[WhiteElo "2531"]
[BlackElo "2333"]

1.e4 e5 2.Nf3 Nc6 3.Bb5 a6 4.Ba4 Nf6 5.O-O b5 6.Bb3 Bb7 7.c3 Nxe4 8.d4 Na5
9.Bc2 exd4 10.Nxd4 Ng5 11.a4 Ne6 12.axb5 axb5 13.Nxb5 Be7 14.Nd2 O-O 15.Nf3 c5
16.c4 d5 17.cxd5 Qxd5 18.Nc3 Qxd1 19.Rxd1 Rfd8 20.Re1 Nc6 21.Rxa8 Bxa8 22.Be4 Nb4
23.Bxa8  1/2-1/2

[Event "26th Pula Open"]
[Site "Pula CRO"]
[Date "2012.06.15"]
[Round "8.14"]
[White "Dudas,E"]
[Black "Loncar,R"]
[Result "1/2-1/2"]
[WhiteElo "2215"]
[BlackElo "2396"]

1.e4 e5 2.Nf3 Nc6 3.Bb5 a6 4.Ba4 Nf6 5.O-O b5 6.Bb3 Bb7 7.d3 Bd6 8.c3 O-O
9.Re1 h6 10.Nbd2 Re8 11.Nf1 Bf8 12.Ng3 Na5 13.Bc2 d5 14.exd5 Qxd5 15.b4 Nc6
16.Ne4 Nxe4 17.dxe4 Qxd1 18.Rxd1 a5 19.bxa5 Nxa5 20.Be3 Nc4 21.Nd2 Nxe3 22.fxe3 Bc5
23.Kf2 Ra3 24.Bb3 Bc8 25.Nf3 Bd6 26.Rd2 Bb7 27.Bd5 Bxd5 28.Rxd5 Rb8 29.Nxe5 Rxc3
30.Nf3 Rc2+ 31.Rd2 Rxd2+ 32.Nxd2 Ra8 33.Nf3 c5 34.Kf1 b4 35.Rd1 Bf8 36.Rd2 c4
37.Ke2 c3 38.Rc2 Rxa2 39.Rxa2 b3 40.Rd2 b2 41.Rxb2 cxb2 42.Nd2 Bb4 43.Nb1 Bd6
44.h3 f6 45.Kd3 Kf7 46.Kc2 Be5 47.Nd2 Ke6 48.g4 g6 49.Nc4 Bc3 50.Kb1 h5 51.gxh5 gxh5
52.Kc2 Be5 53.Nd2 Kf7 54.Nf3 Bc3 55.Nd4 Kg6 56.h4 Kf7 57.Ne2 Be1 58.Kxb2 Kg6
59.Nf4+ Kh6 60.Ng2 Bg3 61.Kc3 Kg6 62.Nf4+ Kh6 63.Ng2 Kg6 64.Nf4+  1/2-1/2

[Event "16th Voronezh Master Open"]
[Site "Voronezh RUS"]
[Date "2012.06.15"]
[Round "4.36"]
[White "Komiagina,M"]
[Black "Provotorov,I"]
[Result "0-1"]
[WhiteElo "2244"]
[BlackElo "2386"]

1.e4 e5 2.Nf3 Nc6 3.Bb5 a6 4.Ba4 Nf6 5.O-O b5 6.Bb3 Bb7 7.Re1 Bc5 8.c3 d6
9.a4 O-O 10.d4 Bb6 11.Bg5 h6 12.Bh4 Re8 13.d5 Na5 14.Ba2 c6 15.Na3 bxa4 16.Qxa4 cxd5
17.Bxf6 Qxf6 18.exd5 Rac8 19.b4 Qf4 20.Qd1 e4 21.bxa5 Bc5 22.Nd4 Bxa3 23.Qb3 Bc5
24.Qxb7 Bxd4 25.cxd4 Rc2 26.Rf1 e3 27.Qd7 exf2+ 28.Kh1 Re1 29.Rfxe1 fxe1=Q+
30.Rxe1 Rxa2 31.h3 Kh7 32.Qb7 Qf5 33.Qxa6 Qxd5 34.Qf1 Rxa5 35.Re7 f5 36.Kh2 Qxd4
37.Qf3 Qf6 38.Re8 Re5 39.Rc8 Re7 40.Rc1 Qe5+ 41.Kh1 Qe4 42.Qc3 Rb7 43.Qd2 d5
44.Re1 Rb1 45.Rxb1 Qxb1+ 46.Kh2 Qe4  0-1

[Event "Teplice Open 2012"]
[Site "Teplice CZE"]
[Date "2012.06.16"]
[Round "1.41"]
[White "Balka,L"]
[Black "Krcal,M"]
[Result "0-1"]
[WhiteElo "1761"]
[BlackElo "2124"]

1.e4 e5 2.Nf3 Nc6 3.Bb5 a6 4.Ba4 Nf6 5.O-O b5 6.Bb3 Bb7 7.d3 Bc5 8.h3 O-O
9.a3 d6 10.Re1 Ne7 11.Nbd2 Ng6 12.Nf1 Re8 13.Ng5 d5 14.Ng3 h6 15.Nf3 dxe4
16.Nxe4 Nxe4 17.dxe4 Qxd1 18.Rxd1 Bxe4 19.Rd7 Re7 20.Rxe7 Bxe7 21.Be3 Rd8
22.Re1 Bxf3 23.gxf3 Nh4 24.Rc1 Nxf3+ 25.Kg2 e4 26.c3 Rd6 27.Bc2 f5 28.Bb3+ Kf8
29.Bd1 Rg6+  0-1

[Event "16th Voronezh Master Open"]
[Site "Voronezh RUS"]
[Date "2012.06.16"]
[Round "5.50"]
[White "Rjanova,V"]
[Black "Sakhvadze,G"]
[Result "1-0"]
[WhiteElo "2223"]
[BlackElo "2095"]

1.e4 e5 2.Nf3 Nc6 3.Bb5 a6 4.Ba4 Nf6 5.O-O b5 6.Bb3 Bb7 7.Re1 Be7 8.d3 O-O
9.Nbd2 d6 10.c3 Na5 11.Bc2 Re8 12.Nf1 Bf8 13.Bg5 h6 14.Bh4 c5 15.Ne3 g6 16.Ng4 Bg7
17.Bxf6 Bxf6 18.Nxh6+ Kh7 19.Qd2 Qe7 20.Ng4 Bg7 21.Ng5+ Kg8 22.f4 Bc8 23.Bd1 Bxg4
24.Bxg4 exf4 25.Nh3 Bh6 26.g3 c4 27.d4 b4 28.Nxf4 bxc3 29.bxc3 Rab8 30.Qg2 Bxf4
31.gxf4 d5 32.f5 dxe4 33.fxg6 f6 34.Qh3 Qg7 35.Be6+ Kf8 36.Bf7 Re7 37.Qg3 Rb5
38.Rab1 Qh6 39.Rxb5  1-0

[Event "Teplice Open 2012"]
[Site "Teplice CZE"]
[Date "2012.06.18"]
[Round "3.29"]
[White "Zdravkovic,DS"]
[Black "Krcal,M"]
[Result "0-1"]
[WhiteElo "1934"]
[BlackElo "2124"]

1.e4 e5 2.Nf3 Nc6 3.Bb5 a6 4.Ba4 Nf6 5.O-O b5 6.Bb3 Bb7 7.Re1 Bc5 8.Nxe5 Nxe5
9.d4 Nfg4 10.h3 Nxf2 11.Kxf2 Qh4+ 12.g3 Qxh3 13.Rh1 Ng4+ 14.Kf3 Bxe4+ 15.Kxe4 Nf2+
16.Kf3 Qf5+ 17.Kg2 Nxd1 18.dxc5 Qe4+ 19.Kg1 Qe1+ 20.Kg2 Qe2+  0-1

[Event "Stockholm Master Open 2012"]
[Site "Stockholm SWE"]
[Date "2012.06.29"]
[Round "3.15"]
[White "Olofsson-Dolk,Mattis"]
[Black "Furhoff,J"]
[Result "1/2-1/2"]
[WhiteElo "2002"]
[BlackElo "2358"]

1.e4 e5 2.Nf3 Nc6 3.Bb5 a6 4.Ba4 Nf6 5.O-O b5 6.Bb3 Bb7 7.c3 Nxe4 8.d4 Na5
9.Nxe5 Nxb3 10.Qxb3 Nd6 11.Bf4 Be7 12.Nd2 O-O 13.Rfe1 g5 14.Bg3 Kg7 15.Nd3 Nf5
16.Ne4 d6 17.d5 Qd7 18.f3 h5 19.Bf2 Rh8 20.c4 bxc4 21.Qxc4 Qb5 22.Bd4+ Nxd4
23.Qxd4+ Kg6 24.Nc3 Qd7 25.Qe4+ Kf6 26.Qd4+ Kg6 27.Qe4+  1/2-1/2

[Event "40th TCh-GRE 2012"]
[Site "Achaea GRE"]
[Date "2012.07.01"]
[Round "2.4"]
[White "Iskos,A"]
[Black "Tsichlis,G"]
[Result "1-0"]
[WhiteElo "2107"]
[BlackElo "2173"]

1.e4 e5 2.Nf3 Nc6 3.Bb5 a6 4.Ba4 Nf6 5.O-O b5 6.Bb3 Bb7 7.d3 Bd6 8.Bg5 h6
9.Bh4 Ne7 10.Bxf6 gxf6 11.Nh4 Kf8 12.Qh5 Qe8 13.Nc3 Bc5 14.Ne2 d6 15.Ng3 Bc8
16.Qf3 Ng8 17.Nh5 Ke7 18.Kh1 Rh7 19.Nf5+ Kd8 20.Ne3 Be6 21.Nxf6 Nxf6 22.Qxf6+ Qe7
23.Qxe7+ Kxe7 24.Bxe6 fxe6 25.a4 Rf7 26.axb5 Bxe3 27.fxe3 Rxf1+ 28.Rxf1 axb5
29.g4 Ra2 30.Rb1 c5 31.Kg2 c4 32.dxc4 bxc4 33.c3 d5 34.exd5 exd5 35.Kg3 Ra6
36.Rd1 Ke6 37.Kh4 Rd6 38.Kh5 Kf7 39.h4 Kg7 40.Ra1 d4 41.exd4 exd4 42.Ra7+ Kg8
43.cxd4 Rxd4 44.Rc7 Re4 45.Rc6 Re2 46.Kg6 Kf8 47.Rc8+ Ke7 48.Rxc4 Re6+ 49.Kg7 Rb6
50.b4 Ke6 51.Re4+ Kd5 52.Rf4 Re6 53.b5 Kc5 54.Rf6 Re4 55.Rg6 Kxb5 56.Kxh6 Kc5
57.h5 Kd5 58.Kg7 Re3  1-0

[Event "40th TCh-GRE 2012"]
[Site "Achaea GRE"]
[Date "2012.07.01"]
[Round "3.8"]
[White "Makka,I"]
[Black "Markantonaki,H"]
[Result "0-1"]
[WhiteElo "2149"]
[BlackElo "2159"]

1.e4 e5 2.Nf3 Nc6 3.Bb5 a6 4.Ba4 Nf6 5.O-O b5 6.Bb3 Bb7 7.d3 Be7 8.Re1 O-O
9.a4 Re8 10.Nc3 b4 11.Nd5 Na5 12.Ba2 Nxd5 13.Bxd5 Bxd5 14.exd5 d6 15.h3 f5
16.Bd2 c5 17.Nh2 Bf6 18.Rb1 Nb7 19.f4 Qd7 20.c4 exf4 21.Rxe8+ Rxe8 22.Bxf4 Nd8
23.b3 Nf7 24.Nf3 h6 25.Be3 g5 26.Bf2 g4 27.hxg4 fxg4 28.Nd2 Ng5 29.Nf1 h5
30.Ng3 Qh7 31.Nf1 Qg6 32.Rc1 Be5 33.Kh1 Re7 34.Bh4 Rf7 35.Rc2 Bd4 36.Ng3 Kg7
37.Re2 Be5 38.Ne4 Nxe4 39.dxe4 Qh6 40.Qe1 Qf4 41.g3 Qf3+ 42.Kh2 Qxb3 43.Qc1 Bf4
44.gxf4 Qh3+ 45.Kg1 Qxh4 46.f5 g3 47.Qe3 Qg4 48.e5 Qxf5 49.Qxg3+ Kf8 50.Rg2 Qxe5
51.Qg8+ Ke7 52.Qc8 Qe1+ 53.Kh2 Qh4+ 54.Kg1 Qe1+ 55.Kh2 Qe5+ 56.Kg1 Qa1+ 57.Kh2 Qe5+
58.Kg1 Rg7 59.Qc7+ Kf8 60.Qc8+ Kf7 61.Rxg7+ Qxg7+ 62.Kh1 Qa1+ 63.Kg2 Qb2+
64.Kh1 Qc1+ 65.Kg2 Qc2+ 66.Kf3 Qd1+ 67.Kf2 Qd4+ 68.Ke1 Qe4+ 69.Kf2 Qh4+ 70.Ke3 Qd4+
71.Kf3 Qg4+  0-1